000 00811nam a2200241 i 4500
003 DO-SdBNP
005 20240213093315.0
007 ta
008 240213s2023 dr ao 000 p spa d
040 _aDO-SdBNP
_bspa
_cBNPHU
_erda
082 _bC422
_222
100 _aCestero, José,
_d1937-
_980161
245 1 0 _aMacondo en Santo Domingo :
_bhomenaje a Gabriel García Márquez /
_cJosé Cestero
264 1 _aSanto Domingo :
_bCentro Cultural Banreservas,
_c2023.
300 _a80 páginas,
_bilustraciones, fotografías
_c32 cm.
336 _2rdacontent
_atexto
_btxt
337 _2rdamedia
_asin mediación
_bn
338 _2rdacarrier
_avolumen
_bnc
500 _aPremio Nobel de Literatura 1982, a Gabriel García Márquez
590 _aInventariado, 2024/ YL
910 _aYLockward
942 _2ddc
_cLBS1
999 _c55934
_d55934